Normal view
MARC view
- Goldblum, John R.; Lamps, Laura W.; Mckenney, Jesse K.; Myers, Jeffrey L
Entry Personal Name
001 - CONTROL NUMBER
- control field: 113362
003 - CONTROL NUMBER IDENTIFIER
- control field: NUST
005 - DATE AND TIME OF LATEST TRANSACTION
- control field: 20230705112412.0
008 - FIXED-LENGTH DATA ELEMENTS
- fixed length control field: 230705|| aca||aabn | a|a d
040 ## - CATALOGING SOURCE
- Original cataloging agency: NUST
- Transcribing agency: NUST
100 ## - HEADING--PERSONAL NAME
- Personal name: Goldblum, John R.; Lamps, Laura W.; Mckenney, Jesse K.; Myers, Jeffrey L
670 ## - SOURCE DATA FOUND
- Source citation: Work cat.: (NUST): Goldblum, John R.; Lamps, Laura W.; Mckenney, Jesse K.; Myers, Jeffrey L., Rosai and Ackerman's Surgical Pathology /, 2018.
